Spanish Nouns: Everyday Things 6 - Statistics

General Stats
  • This quiz has been taken 29 times
    2 since last reset
  • The average score is 111 of 500
Answer Stats
Español English % Correct
Alcoholismo Alcoholism
100%
Cactus Cactus
100%
Colectividad Collectivity
100%
Dinastía Dynasty
100%
Eclipse Eclipse
100%
Imposibilidad Impossibility
100%
Mecanismo Mechanism
100%
Minimalismo Minimalism
100%
Objetivismo Objectivism
100%
Posibilidad Possibility
100%
Profesión Profession
100%
Publicación Publication
100%
Surrealismo Surrealism
100%
Veganismo Veganism
100%
Vegetarianismo Vegetarianism
100%
Abdicación Abdication
50%
Aceleración Acceleration
50%
Adquisición Acquisition
50%
Admiración Admiration
50%
Altercado Altercation
50%
Altruismo Altruism
50%
Amalgamación Amalgamation
50%
Amplitud Amplitude
50%
Análogo Analog
50%
Apreciación Appreciation
50%
Aptitud Aptitude
50%
Autenticación/Autentificación Authentication
50%
Autenticidad Authenticity
50%
Autoritarismo Authoritarianism
50%
Benevolencia Benevolence
50%
Canibalismo Cannibalism
50%
Carnaval Carnival
50%
Certificación Certification
50%
Cigarro Cigar
50%
Aclaración/Clarificación Clarification
50%
Clemencia Clemency
50%
Comunión Communion
50%
Compostura Composure
50%
Compresor Compressor
50%
Confiscación Confiscation
50%
Conformidad Conformity
50%
Conectividad Connectivity
50%
Constelación Constellation
50%
Contingencia Contingency
50%
Convergencia Convergence
50%
Conversión Conversion
50%
Credibilidad Credibility
50%
Ciprés Cypress
50%
Decimación Decimation
50%
Deflexión/Deflección Deflection
50%
Demolición Demolition
50%
Desegregación Desegregation
50%
Disrupción Disruption
50%
Dramatización Dramatization
50%
Distopía Dystopia
50%
Eficiencia Efficiency
50%
Emanación Emanation
50%
Emigración Emigration
50%
Emulación Emulation
50%
Enunciación Enunciation
50%
Euforia Euphoria
50%
Excavación Excavation
50%
Excelencia Excellence
50%
Exclamación Exclamation
50%
Exhibición Exhibition
50%
Exoneración Exoneration
50%
Expedición Expedition
50%
Expulsión Expulsion
50%
Extracción Extraction
50%
Feminidad Femininity
50%
Feminismo Feminism
50%
Ferocidad Ferocity
50%
Fertilización Fertilization
50%
Festival Festival
50%
Filtración Filtration
50%
Fórmula Formula
50%
Formulación Formulation
50%
Fortificación Fortification
50%
Funcionalidad Functionality
50%
Gentrificación Gentrification
50%
Glorificación Glorification
50%
Graduación Graduation
50%
Granito Granite
50%
Heroísmo/Heroicidad Heroism
50%
Hilaridad Hilarity
50%
Homofobia Homophobia
50%
Homófono Homophone
50%
Hospicio Hospice
50%
Ideales Ideals
50%
Inmoralidad Immorality
50%
Improvisación Improvisation
50%
Inactividad Inactivity
50%
Incantación Incantation
50%
Incapacitación Incapacitation
50%
Incapacidad Incapacity
50%
Inclinación Inclination
50%
Indeterminación Indetermination
50%
Indicador Indicator
50%
Indiscreción Indiscretion
50%
Inducción Induction
50%
Indulgencia Indulgence
50%
Ineficiencia Inefficiency
50%
Inferioridad Inferiority
50%
Infidelidad Infidelity
50%
Infiltración Infiltration
50%
Inhalación Inhalation
50%
Inhalador Inhaler
50%
Inicialización Initialization
50%
Inquisición Inquisition
50%
Insignificancia Insignificance
50%
Instancia Instance
50%
Insubordinación Insubordination
50%
Intermediación Intermediation
50%
Invalidación Invalidation
50%
Invulnerabilidad Invulnerability
50%
Iridiscencia Iridescence
50%
Islamofobia Islamophobia
50%
Iteración Iteration
50%
Legalización Legalization
50%
Legión Legion
50%
Leniencia Leniency
50%
Liberalismo Liberalism
50%
Suerte Luck
50%
Malevolencia Malevolence
50%
Maratón Marathon
50%
Masculinidad Masculinity
50%
Masacre Massacre
50%
Maternidad Maternity
50%
Matriarcado Matriarchy
50%
Maximización Maximization
50%
Mediocracia Mediocracy
50%
Minimización Minimization
50%
Movilidad/Mobilidad Mobility
50%
Modernización Modernization
50%
Modestia Modesty
50%
Modulación Modulation
50%
Monocromía Monochrome
50%
Monogamia Monogamy
50%
Monótono Monotone
50%
Natividad Nativity
50%
Normalidad Normality
50%
Obituario Obituary
50%
Objeción Objection
50%
Obliteración Obliteration
50%
Obscenidad Obscenity
50%
Oligarquía Oligarchy
50%
Opresión Oppression
50%
Orquesta Orchestra
50%
Originalidad Originality
50%
Pacifismo Pacifism
50%
Paganismo Paganism
50%
Paternidad Paternity
50%
Patriarcado Patriarchy
50%
Péndulo Pendulum
50%
Penetración Penetration
50%
Pigmento Pigment
50%
Pináculo Pinnacle
50%
Pivote Pivot
50%
Platitud/Perogrullada Platitude
50%
Plétora Plethora
50%
Pluralidad Plurality
50%
Podio/Pódium Podium
50%
Polarización Polarization
50%
Poligamia Polygamy
50%
Populismo Populism
50%
Proactividad Proactivity
50%
Progresión Progression
50%
Proyección Projection
50%
Provisión Provision
50%
Cualificación Qualification
50%
Radicalización Radicalization
50%
Ramificación Ramification
50%
Reconstrucción Reconstruction
50%
Redacción (also editing) Redaction
50%
Regimiento Regiment
50%
Relegación Relegation
50%
Remisión Remission
50%
Rendición Rendition
50%
Repetición Repetition
50%
Seducción Seduction
50%
Segregación Segregation
50%
Sexismo Sexism
50%
Simplificación Simplification
50%
Singularidad Singularity
50%
Solsticio Solstice
50%
Sónar Sonar
50%
Subdivisión Subdivision
50%
Subversión Subversion
50%
Sucesión Succession
50%
Superioridad Superiority
50%
Sindicato Syndicate
50%
Tangencia Tangency
50%
Tangente Tangent
50%
Tenacidad Tenacity
50%
Textil Textile
50%
Totalitarismo Totalitarianism
50%
Tótem Totem
50%
Transmisión Transmission
50%
Transfobia Transphobia
50%
Utopía Utopia
50%
Vampirismo Vampirism
50%
Vasolina Vasoline
50%
Veredicto Verdict
50%
Vitalidad Vitality
50%
Volición Volition
50%
Vulnerabilidad Vulnerability
50%
Aborrecimiento Abhorrence
0%
Abrasividad Abrasiveness
0%
Absorción Absorption
0%
Acordeón Accordion
0%
Acidez (also sourness) Acidity
0%
Acrónimo/Sigla (also initial, abbreviation) Acronym
0%
Adecuación Adequacy
0%
Adoración Adoration
0%
Adulterio Adultery
0%
Vida después de la muerte Afterlife
0%
Edadismo Ageism
0%
Ejército del aire/Fuerza aérea Air force
0%
Alquimia Alchemy
0%
Amoralidad Amorality
0%
Aniquilación Annihilation
0%
Antigüedad Antiquity
0%
Antisemitismo Antisemitism
0%
Apertura (also opening) Aperture
0%
Arquetipo Archetype
0%
Incendio provocado/Incendio premeditado/Incendio intencional Arson
0%
Ascensión Ascension
0%
Ascenso/Subida Ascent
0%
Aserción Assertion
0%
Surtido (also stock) Assortment
0%
Atuendo/Vestimenta (also dress) Attire
0%
Bautismo/Bautizo Baptism
0%
Batallón Battalion
0%
Campo de batalla (also battlefield) Battleground
0%
Beligerancia Belligerence
0%
Beneficencia Beneficence
0%
Beneficiario(a)/Beneficiado/Destinatario/Adjudicatario Beneficiary
0%
Boina Beret
0%
Abedul Birch
0%
Casa de pájaros Birdhouse
0%
Amargura/Amargor Bitterness
0%
Venda/Venda en los ojos Blindfold
0%
Soplete Blowtorch
0%
Patrulla de fronteras/Patrulla fronteriza/Policía de fronteras Border patrol
0%
Latón Brass
0%
Cameo/Camafeo Cameo
0%
Bala de cañón Cannonball
0%
Capitulación Capitulation
0%
Efectivo (also effective) Cash
0%
Cátarsis Catharsis
0%
Caballería Cavalry
0%
Cedro Cedar
0%
Celibato Celibacy
0%
Canto/Cántico Chant
0%
Juguete masticable/Juguete mordedor Chewtoy
0%
Cifra (also figure, sum) Cipher
0%
Circunspección Circumspection
0%
Guardacostas/Guardia costera Coast guard
0%
Coacción/Coerción/Coercitividad (also coerciveness) Coercion
0%
Cohesión/Cohesividad (also cohesiveness) Cohesion
0%
Preocupación (also worry) Concern
0%
Concordancia/Concordia Concord
0%
Condolencias Condolences
0%
Conservadurismo/Conservatismo Conservatism
0%
Desprecio (also scorn, slight) Contempt
0%
Contiguidad Contiguity
0%
Contorsión Contortion
0%
Artilugio (also gadget, gizmo) Contraption
0%
Contravención Contravention
0%
Artesanía (also crafts) Craftsmanship
0%
Creciente Crescent
0%
Ballesta Crossbow
0%
Crucifixión Crucifixion
0%
Crucero/Barco de crucero Cruise ship
0%
Criptomoneda Cryptocurrency
0%
Cultivo (also crop) Cultivation
0%
Cuchillería/Cubertería Cutlery
0%
Cilindro Cylinder
0%
Diente de león Dandelion
0%
Descolonización/Decolonización Decolonization
0%
Difamación Defamation
0%
Delicadeza/Delicia Delicacy
0%
Descenso/Bajada Descent
0%
Desolación Desolation
0%
Despotismo Despotism
0%
Dilatación Dilation
0%
Disociación/Desasociación/Disasociación Disassociation
0%
Desconexión Disconnection
0%
Discordia Discord
0%
Descrédito(a) Discredit
0%
Disgusto/Asco Disgust
0%
Desinterés Disinterest
0%
Despacho Dispatch
0%
Insatisfacción Dissatisfaction
0%
Disertación Dissertation
0%
Disolución Dissolution
0%
Distribuidor/Distribuidora Distributer
0%
Adivinación Divination
0%
Dogma Dogma
0%
Picaporte/Pomo de puerta/Perilla de la puerta Doorknob
0%
Borrachera Drunkenness
0%
Tablero de yeso/Placas de yeso/Tabiquería en seco Drywall
0%
Matidez Dullness
0%
Duplicación Duplication
0%
Recogedor de polvo Dustpan
0%
Éxtasis Ecstasy
0%
Banda elástica/Cinta elástica Elastic band
0%
Elasticidad Elasticity
0%
Elixir Elixir
0%
Encantamiento Enchantment
0%
Enriquecimiento Enrichment
0%
Compañía (also firm, company) Enterprise
0%
Equinoccio Equinox
0%
Espionaje Espionage
0%
Establecimiento Establishment
0%
Elogio/Eulogio Eulogy
0%
Exacerbación Exacerbation
0%
Exhaltación/Exhalación/Exaltación Exaltation
0%
Excavadora Excavator
0%
Exhilaración Exhilaration
0%
Expatriación Expatriation
0%
Exposición (also exposure) Exposition
0%
Exterminio/Exterminación Extermination
0%
Extravagancia Extravaganza
0%
Fanatismo (also bigotry) Fanaticism
0%
Temerismo Fearmongering
0%
Flauta Flute
0%
Fragilidad (also frailty) Fragility
0%
Recaudación de fondos Fundraiser
0%
Gambito Gambit
0%
Azada/Azadón Garden hoe
0%
Guantelete Gauntlet
0%
Gel Gel
0%
Galimatías Gibberish
0%
Saludos Greetings
0%
Ingenuidad Gullibility
0%
Pólvora/Pólvora de cañón/Pólvora para armas Gun powder
0%
Disparo/Disparo de pistola Gunshot
0%
Canalón Gutter
0%
Hándicap Handicap
0%
Crimen por odio/Delito de odio Hate crime
0%
Discurso de odio/Lenguaje del odio/Expresión del odio Hate speech
0%
Herejía Heresy
0%
Puntuación alta/Puntaje alto/Alto puntaje High score
0%
Reloj de arena Hourglass
0%
Ilegitimidad Illegitimacy
0%
Inmolación Immolation
0%
Impertinencia Impertinence
0%
Ímpetu (also momentum) Impetus
0%
Impudencia Impudence
0%
Impulsividad Impulsiveness
0%
Impureza Impurity
0%
Inexactitud Inaccuracy
0%
Inacción Inaction
0%
Inadecuación Inadequacy
0%
Indomabilidad Indomitability
0%
Ineptitud Ineptitude
0%
Internamiento Internment
0%
Intriga Intrigue
0%
Invencibilidad Invincibility
0%
Solicitud de empleo/Solicitud de trabajo/Demanda de empleo Job application
0%
Teléfono fijo/Línea fija/Línea telefónica/Línea telefónica fija Landline
0%
Ganzúa Lockpick
0%
Magnificencia Magnificence
0%
Hombría Manhood
0%
Arce Maple
0%
Mediocridad Mediocrity
0%
Memorándum/Memorando Memo
0%
Meridiano Meridian
0%
Desalineación Misalignment
0%
Identificación errónea/Identificación incorrecta Misidentification
0%
Misoginia Misogyny
0%
Uso indebido/Mal uso/Uso incorrecto Misuse
0%
Burla Mockery
0%
Monstruosidad/Engendro (also freak, monster) Monstrosity
0%
Multiculturalismo Multiculturalism
0%
Misticismo Mysticism
0%
Marina/Armada Navy
0%
Nihilismo Nihilism
0%
Notoriedad Notoriety
0%
Nulidad Nullity
0%
Roble Oak
0%
Obsidiana Obsidian
0%
Presagio/Augurio/Agüero Omen
0%
Orbe Orb
0%
Ordalía Ordeal
0%
Chupete/Chupón/Chupetero Pacifier
0%
Pandemónium/Pandemonio Pandemonium
0%
Papeleo/Trámites Paperwork
0%
Papiro Papyrus
0%
Pasividad Passiveness
0%
Peculiaridad Peculiarity
0%
Personalización (also customization) Personalization
0%
Pesimismo Pessimism
0%
Pesticida/Plaguicida Pesticide
0%
Fenómeno Phenomenon
0%
Fonética Phonetics
0%
Sesión de fotos/Sesión fotográfica Photoshoot
0%
Piquete Picket
0%
Funda de almohada Pillowcase
0%
Pino Pine
0%
Piratería Piracy
0%
Hiedra venenosa Poison ivy
0%
Polinización Pollination
0%
Loza/Porcelana (also china) Porcelain
0%
Pornografía Pornography
0%
Orinal portátil/Baño portátil Porta potty
0%
Potencialidad Potential
0%
Requisito previo/Prerrequisito Prerequisite
0%
Prestigio Prestige
0%
Proyector Projector
0%
Prostitución Prostitution
0%
Prudencia Prudence
0%
Cuarzo Quartz
0%
Carro de carreras Race car
0%
Reconexión Reconnection
0%
Estribillo/Cantinela Refrain
0%
Reencarnación Reincarnation
0%
Refuerzos/Reforzamientos Reinforcements
0%
Fiabilidad Reliability
0%
Repatriación Repatriation
0%
Represalia Reprisal
0%
Requisito Requisite
0%
Restitución Restitution
0%
Restauración Restoration
0%
Resurgimiento/Resurgencia Resurgence
0%
Retorta Retort
0%
Retorno/Regreso/Devolución Return
0%
Furia en la carretera/Furia al volante Road rage
0%
Rosa/Rosal Rose
0%
Arruinación/Ruina (also ruin) Ruination
0%
Runa Rune
0%
Hora punta/Hora pico Rush hour
0%
Sacramento Sacrament
0%
Castillo de arena Sand castle
0%
Lijadora Sander
0%
Andamio/Andamiaje/Cadalso Scaffold
0%
Beca/Beca de estudios Scholarship
0%
Chatarra (also scrap metal) Scrap
0%
Libro de recortes/Cuaderno de recortes/Álbum de recortes Scrapbook
0%
Pergamino/Voluta Scroll
0%
Séance/Sesión de espiritismo Seance
0%
Sector Sector
0%
Centinela (also sentinel) Sentry
0%
Chamanismo Shamanism
0%
Agudeza/Nitidez Sharpness
0%
Embarque Shipment
0%
Robo en tiendas/Hurto en tiendas Shoplifting
0%
Hoz Sickle
0%
Comedia de situación Sitcom
0%
Cocina lenta/Olla de cocción lenta Slow cooker
0%
Panel solar/Placa solar/Captador solar/Tablero solar Solar panel
0%
Sofisticación Sophistication
0%
Soberanía Sovereignty
0%
Especialidad Specialty
0%
Especificacion Specification
0%
Esfera Sphere
0%
Espiritismo Spiritism
0%
Espiritualidad Spirituality
0%
Abeto Spruce
0%
Escualidez/Escuálido/Depauperación Squalor
0%
Polvo de estrellas/Polvo estelar Stardust
0%
Tozudez/Terquedad Stubbornness
0%
Subconsciente/Subconsciencia Subconscious
0%
Sumisión Submission
0%
Subordinación/Subordenación Subordination
0%
Citación judicial Subpoena
0%
Subsidio/Subvención Subsidy
0%
Girasol Sunflower
0%
Espadachín/Manejo de la espada Swordsmanship
0%
Sindicación/Sindicalización Syndication
0%
Despegue Take off
0%
Tapiz/Tapicería Tapestry
0%
Lona Tarp
0%
Aturdidor Tazer
0%
Tediosidad Tediousness
0%
Teleportación/Teletransporte/Teletransportación Teleportation
0%
Rabieta/Berrinche Temper tantrum
0%
Llantas/Neumáticos Tires
0%
Pinzas (also pincers) Tongs
0%
Caja de herramientas Tool box
0%
Torpedo Torpedo
0%
Camión de remolque Tow truck
0%
Rasgo (also feature) Trait
0%
Trayectoria Trajectory
0%
Transfiguración Transfiguration
0%
Tulipán Tulip
0%
Torreta Turret
0%
Desapreciación Unappreciation
0%
Inutilidad Uselessness
0%
Terciopelo Velvet
0%
Virilidad Virility
0%
Caminante/Andador Walker
0%
Armatización Weaponization
0%
Susurro Whisper
0%
Meneo Wiggle
0%
Alféizar/Alféizar de ventana Windowsill
0%
Brujería Witchcraft
0%
Corona de flores Wreath
0%
Yate Yacht
0%
No matching quizzes found
Score Distribution
Percent of People with Each Score
Percentile by Number Answered
Your Score History
You have not taken this quiz since the last reset